[Event "Tres Cantos op 9th"]
[Site "Tres Cantos"]
[Date "2017.06.30"]
[Round "9"]
[White "Olano Lanchas, Dionisio"]
[Black "Martinez Dominguez, Juan Jose"]
[Result "1-0"]
[WhiteElo "1592"]
[BlackElo "1383"]
[PlyCount "113"]
[EventDate "2017.06.22"]
[EventType "swiss"]
[EventRounds "9"]
[EventCountry "ESP"]
[SourceTitle "EXT 2019"]
[Source "ChessBase"]
[SourceDate "2018.10.10"]
[SourceVersion "1"]
[SourceVersionDate "2018.10.10"]
[SourceQuality "1"]

1. c4 e6 2. d4 d5 3. c5 Nc6 4. e3 Nf6 5. Bb5 Bd7 6. Nf3 g6 7. Nc3 Bg7 8. 0-0 0-0 9. h3 Re8 10. a3 a5 11. Qd3 Na7 12. Ne5 Bxb5 13. Nxb5 Nd7 14. f4 f6 15. Nf3 e5 16. Qb3 Nxb5 17. Qxb5 Qc8 18. Bd2 b6 19. c6 Nb8 20. Qxd5+ Qe6 21. Qxe6+ Rxe6 22. d5 Rd6 23. e4 Na6 24. b4 exf4 25. Bxf4 f5 26. Rab1 Rf6 27. e5 Rf7 28. Ng5 Re7 29. Ne6 axb4 30. axb4 Nb8 31. b5 Ra5 32. Rfe1 Bh8 33. Bg5 Rf7 34. Nd8 Rf8 35. d6 Ra7 36. Nb7 cxd6 37. exd6 Bg7 38. Be7 Rc8 39. d7 Nxd7 40. cxd7 Rb8 41. Bd6 Rbxb7 42. d8Q+ Kf7 43. Be5 Bf8 44. Qf6+ Kg8 45. Qh8+ Kf7 46. Qxh7+ Ke8 47. Qxg6+ Rf7 48. Bc7+ Be7 49. Bxb6 Rd7 50. Bc5 Kf8 51. Qh6+ Kg8 52. Bxe7 Rdxe7 53. Rxe7 Rxe7 54. Qg5+ Kf7 55. Qxf5+ Ke8 56. b6 Rb7 57. Qc8+ 1-0

[Event "Tres Cantos op 9th"]
[Site "Tres Cantos"]
[Date "2017.06.28"]
[Round "7"]
[White "Olano Lanchas, Dionisio"]
[Black "Santamaria Baeza, Adolfo"]
[Result "0-1"]
[WhiteElo "1592"]
[BlackElo "1837"]
[PlyCount "136"]
[EventDate "2017.06.22"]
[EventType "swiss"]
[EventRounds "9"]
[EventCountry "ESP"]
[SourceTitle "EXT 2019"]
[Source "ChessBase"]
[SourceDate "2018.10.10"]
[SourceVersion "1"]
[SourceVersionDate "2018.10.10"]
[SourceQuality "1"]

1. c4 Nf6 2. d4 e6 3. Nc3 Bb4 4. Qb3 Nc6 5. Nf3 a5 6. a3 a4 7. Qc2 Ba5 8. Bg5 h6 9. Bh4 d5 10. c5 b5 11. e3 Ba6 12. Nd2 Bxc3 13. Qxc3 Rb8 14. b4 axb3 15. Nxb3 b4 16. axb4 Bxf1 17. Rxf1 g5 18. Bg3 Ne4 19. Qb2 Rxb4 20. f3 Nxg3 21. hxg3 Qb8 22. Ra3 0-0 23. Kf2 Qb5 24. Qc2 Rb8 25. Nd2 Rb2 26. Qc1 Qb4 27. Rd3 Qc4 28. Rc3 Qa2 29. Ke2 Rxd2+ 30. Qxd2 Rb2 31. Rd1 Rxd2+ 32. Rxd2 Qa6+ 33. Kf2 Qa1 34. Rcc2 Kg7 35. Rb2 Qa5 36. g4 Qa8 37. Ra2 Qd8 38. Rdb2 e5 39. dxe5 Nxe5 40. Rd2 c6 41. e4 Nc4 42. Rd1 Qe7 43. exd5 Qxc5+ 44. Kg3 cxd5 45. Rc1 Qe3 46. Rh1 Nd2 47. Ra6 Ne4+ 48. Kh2 Qf4+ 49. Kg1 Ng3 50. Rhxh6 Qe3+ 51. Kh2 Nf1+ 52. Kh1 Qe1 53. Rh3 Ne3+ 54. Kh2 Qe2 55. Rg3 Qf2 56. Ra1 d4 57. f4 Qxf4 58. Kh3 Qf6 59. Kh2 Qh6+ 60. Kg1 Qh4 61. Rf3 Nxg4 62. Ra7 Qh2+ 63. Kf1 Qh1+ 64. Ke2 Qxg2+ 65. Ke1 Qxf3 66. Re7 Qf2+ 67. Kd1 Ne3+ 68. Rxe3 Qxe3 0-1

[Event "Tres Cantos op 9th"]
[Site "Tres Cantos"]
[Date "2017.06.26"]
[Round "5"]
[White "Olano Lanchas, Dionisio"]
[Black "Garcia Guitian, Angel"]
[Result "0-1"]
[WhiteElo "1592"]
[BlackElo "1853"]
[PlyCount "96"]
[EventDate "2017.06.22"]
[EventType "swiss"]
[EventRounds "9"]
[EventCountry "ESP"]
[SourceTitle "EXT 2019"]
[Source "ChessBase"]
[SourceDate "2018.10.10"]
[SourceVersion "1"]
[SourceVersionDate "2018.10.10"]
[SourceQuality "1"]

1. c4 g6 2. d4 Bg7 3. e4 d6 4. Nc3 Nf6 5. Be2 0-0 6. Nf3 Nbd7 7. b4 a5 8. b5 e5 9. d5 Nc5 10. Qc2 Nh5 11. Be3 Nf4 12. Bxf4 exf4 13. Nd4 Bxd4 14. f3 Qf6 15. Rc1 Bxc3+ 16. Qxc3 Qxc3+ 17. Rxc3 Re8 18. 0-0 f5 19. Rc2 fxe4 20. fxe4 Rxe4 21. Bf3 Re3 22. Re2 Bf5 23. Rxe3 fxe3 24. Re1 Re8 25. Be2 Nd3 26. Rf1 Ne5 27. Rd1 Bg4 28. Kf1 Bxe2+ 29. Kxe2 Ng4 30. h3 Nf6 31. a4 Nh5 32. Kf3 e2 33. Re1 Kf7 34. g3 Kf6 35. h4 Ng7 36. g4 h5 37. gxh5 Nxh5 38. Kf2 Kf5 39. Kf3 Re5 40. Kf2 Kg4 41. Rg1+ Kxh4 42. Ke1 Ng3 43. Rg2 Rf5 44. Rh2+ Kg4 45. Rf2 Rxf2 46. Kxf2 Kf4 47. b6 cxb6 48. c5 bxc5 0-1

[Event "Madrid-ch Previa-A"]
[Site "Madrid"]
[Date "2017.02.21"]
[Round "8"]
[White "Ramos Antona, Enrique"]
[Black "Olano Lanchas, Dionisio"]
[Result "1/2-1/2"]
[WhiteElo "1613"]
[BlackElo "1690"]
[PlyCount "102"]
[EventDate "2017.02.06"]
[EventType "swiss"]
[EventRounds "9"]
[EventCountry "ESP"]
[SourceTitle "CBM 177 Extra"]
[Source "ChessBase"]
[SourceDate "2017.04.27"]
[SourceVersion "1"]
[SourceVersionDate "2017.04.27"]
[SourceQuality "1"]

1. d4 d5 2. c4 e6 3. Nf3 c6 4. Nc3 Bb4 5. a3 Bxc3+ 6. bxc3 Qa5 7. Qc2 Nf6 8. e3 Ne4 9. Bd2 0-0 10. cxd5 exd5 11. Bd3 f5 12. 0-0 Qd8 13. c4 Nxd2 14. Nxd2 dxc4 15. Nxc4 Qf6 16. Rab1 b6 17. Ne5 g6 18. e4 Qd6 19. Rfd1 Kg7 20. Qc3 Rd8 21. Bc4 Be6 22. exf5 gxf5 23. Qg3+ Kf8 24. Be2 Bd5 25. Qg5 Be4 26. Rbc1 Qe7 27. Qf4 Qe6 28. f3 Bd5 29. Bd3 Nd7 30. Bxf5 Qf6 31. Ng4 Qf7 32. Qh6+ Kg8 33. Bxd7 Rxd7 34. Nf6+ Kh8 35. Nxd7 Qxd7 36. Qf6+ Qg7 37. Qxg7+ Kxg7 38. Re1 Kf6 39. Re5 Rg8 40. Kf2 Rg7 41. Rce1 a5 42. g4 b5 43. Rf5+ Kg6 44. Kg3 Rd7 45. Kf4 Rd6 46. h4 Be6 47. Ke5 Rd5+ 48. Kxe6 Rxd4 49. Rf6+ Kg7 50. Re3 b4 51. axb4 axb4 1/2-1/2

[Event "Madrid-ch Seniors"]
[Site "Madrid"]
[Date "2016.01.27"]
[Round "5"]
[White "Olano Lanchas, Dionisio"]
[Black "Jaumandreu Llopis, Antonio"]
[Result "1/2-1/2"]
[WhiteElo "1712"]
[BlackElo "1504"]
[PlyCount "76"]
[EventDate "2016.01.22"]
[EventType "swiss"]
[EventRounds "7"]
[EventCountry "ESP"]
[SourceTitle "EXT 2017"]
[Source "ChessBase"]
[SourceDate "2016.10.25"]
[SourceVersion "1"]
[SourceVersionDate "2016.10.25"]
[SourceQuality "1"]

1. g3 d5 2. d4 Nf6 3. Bg2 Nc6 4. Nc3 e5 5. dxe5 Nxe5 6. Nxd5 c6 7. Nxf6+ Qxf6 8. Nf3 Bc5 9. 0-0 Be6 10. c3 0-0 11. Nd4 Rad8 12. e3 Bc4 13. Re1 Nd3 14. Re2 Nxc1 15. Rxc1 Bxe2 16. Qxe2 Rfe8 17. Qc2 Rd7 18. b4 Bf8 19. a3 Red8 20. Qa4 a6 21. Qa5 Bd6 22. Qb6 Bc7 23. Qc5 Qg6 24. e4 Qf6 25. Rd1 Be5 26. Qa7 g6 27. Bh3 Bxd4 28. cxd4 Rxd4 29. Rxd4 Qxd4 30. Qxd4 Rxd4 31. Bc8 Rd1+ 32. Kg2 Ra1 33. Bxb7 Rxa3 34. Bxc6 Rb3 35. Bb7 Rxb4 36. Bxa6 Rxe4 37. Bb7 Rb4 38. Bd5 Kg7 1/2-1/2

[Event "Madrid-ch Seniors"]
[Site "Madrid"]
[Date "2016.01.25"]
[Round "3"]
[White "Benito Alba, Eladio"]
[Black "Olano Lanchas, Dionisio"]
[Result "1-0"]
[WhiteElo "1567"]
[BlackElo "1712"]
[PlyCount "93"]
[EventDate "2016.01.22"]
[EventType "swiss"]
[EventRounds "7"]
[EventCountry "ESP"]
[SourceTitle "EXT 2017"]
[Source "ChessBase"]
[SourceDate "2016.10.25"]
[SourceVersion "1"]
[SourceVersionDate "2016.10.25"]
[SourceQuality "1"]

1. d4 d5 2. c4 f5 3. Nf3 dxc4 4. e3 Be6 5. Na3 c6 6. Bxc4 Bd5 7. Bxd5 Qxd5 8. 0-0 e6 9. Ne5 Nf6 10. Nc2 Bd6 11. f4 c5 12. b3 a5 13. Bb2 0-0 14. dxc5 Bxc5 15. Qe2 Qe4 16. Bd4 Bxd4 17. Nxd4 Re8 18. Nb5 Nd5 19. Nd6 Qxe3+ 20. Qxe3 Nxe3 21. Nxe8 Nxf1 22. Kxf1 Na6 23. Nd6 Nb4 24. Rc1 Nxa2 25. Rc8+ Rxc8 26. Nxc8 Nc1 27. Nb6 Nxb3 28. Ke2 Nc5 29. Nd3 Ne4 30. Nf2 Nc5 31. Kd2 a4 32. Nc4 Kf7 33. Kc3 Kf6 34. Kb4 a3 35. Kxa3 Nd7 36. Kb4 g5 37. fxg5+ Kxg5 38. Kc3 Kf4 39. Kd2 e5 40. Nh3+ Kg4 41. Ne3+ Kh4 42. Nxf5+ Kg4 43. Ne3+ Kh4 44. Nf5+ Kg4 45. Nd6 Nc5 46. Nf2+ Kh4 47. Nfe4 1-0

[Event "Madrid-ch Previa-A"]
[Site "Madrid"]
[Date "2013.02.19"]
[Round "8"]
[White "Martinez Miura, Enrique"]
[Black "Olano Lanchas, Dionisio"]
[Result "1-0"]
[WhiteElo "1733"]
[BlackElo "1759"]
[PlyCount "85"]
[EventDate "2013.02.04"]
[EventType "swiss"]
[EventRounds "9"]
[EventCountry "ESP"]
[SourceTitle "EXT 2018"]
[Source "ChessBase"]
[SourceDate "2017.10.13"]
[SourceVersion "1"]
[SourceVersionDate "2017.10.13"]
[SourceQuality "1"]

1. e4 c5 2. c4 Nc6 3. Nc3 d6 4. g3 Nd4 5. Bg2 Nf6 6. Nge2 Bg4 7. 0-0 Nf3+ 8. Kh1 e5 9. Qa4+ Bd7 10. Qb3 Nd4 11. Nxd4 cxd4 12. Nd5 b6 13. d3 h6 14. f4 Nxd5 15. cxd5 Be7 16. fxe5 dxe5 17. Bd2 0-0 18. Rac1 a5 19. Qd1 a4 20. a3 Ra7 21. Qh5 f6 22. Bxh6 Be8 23. Qg4 Bd6 24. Rc8 Qe7 25. Bd2 Bd7 26. Rxf8+ Kxf8 27. Qh5 Qf7 28. Qh8+ Qg8 29. Qh5 Ke7 30. Qg6 Qf7 31. Qh7 g6 32. Qh8 Qf8 33. Qh7+ Qf7 34. Qh8 Rb7 35. Bg5 Bf5 36. exf5 fxg5 37. fxg6 Qxg6 38. Qf8+ Kd7 39. Rf7+ Qxf7 40. Qxf7+ Kc8 41. Qe8+ Kc7 42. Bh3 Rb8 43. Qd7# 1-0

[Event "Madrid-ch Seniors"]
[Site "Madrid"]
[Date "2011.02.16"]
[Round "8"]
[White "Lopez Heras, Arturo"]
[Black "Olano Lanchas, Dionisio"]
[Result "1-0"]
[WhiteElo "2021"]
[BlackElo "1772"]
[PlyCount "83"]
[EventDate "2011.02.07"]
[EventType "swiss"]
[EventRounds "9"]
[EventCountry "ESP"]
[SourceTitle "CBM 140 Extra"]
[Source "ChessBase"]
[SourceDate "2011.03.01"]
[SourceVersion "1"]
[SourceVersionDate "2011.03.01"]
[SourceQuality "1"]

1. c4 e5 2. Nc3 Nf6 3. e4 a6 4. Nf3 d6 5. d4 exd4 6. Nxd4 Be7 7. Be2 Bd7 8. 0-0 Nc6 9. Be3 Ne5 10. h3 h6 11. Qc2 c5 12. Nb3 Nc6 13. Rad1 0-0 14. f4 Re8 15. Bf3 Bf8 16. Bf2 Be6 17. Nd5 Nd7 18. Rfe1 f6 19. Bh5 Bf7 20. Bxf7+ Kxf7 21. Qe2 Kg6 22. Qg4+ Kh7 23. h4 b6 24. h5 Ra7 25. Re3 Rb7 26. Rg3 Rxe4 27. Qg6+ Kh8 28. Qxe4 Ndb8 29. Re1 Rd7 30. Qe8 b5 31. cxb5 axb5 32. Qg6 Ne7 33. Nxe7 Rxe7 34. Rxe7 Qxe7 35. Re3 Qc7 36. Re8 Qb7 37. Qe4 Qf7 38. Rxb8 d5 39. Qe8 d4 40. Nxc5 Qxe8 41. Rxe8 Kg8 42. Rxf8+ 1-0

[Event "Madrid-ch Previa-A"]
[Site "Madrid"]
[Date "2010.11.22"]
[Round "6"]
[White "Olano Lanchas, Dionisio"]
[Black "Sarabia Utrilla, Joaquin"]
[Result "1/2-1/2"]
[WhiteElo "1765"]
[BlackElo "1820"]
[PlyCount "170"]
[EventDate "2010.11.10"]
[EventType "swiss"]
[EventRounds "9"]
[EventCountry "ESP"]
[SourceTitle "EXT 2012"]
[Source "ChessBase"]
[SourceDate "2011.11.24"]
[SourceVersion "1"]
[SourceVersionDate "2011.11.24"]
[SourceQuality "1"]

1. d4 d5 2. e3 c5 3. dxc5 e5 4. Nc3 Nf6 5. b4 a5 6. Ba3 Be7 7. Be2 0-0 8. Nf3 axb4 9. Bxb4 Nc6 10. a3 Bg4 11. Nb5 Ne4 12. c4 dxc4 13. Qxd8 Rfxd8 14. 0-0 Nxc5 15. h3 Be6 16. Nc7 Rac8 17. Nxe6 Nxe6 18. Bxc4 Nxb4 19. Bxe6 fxe6 20. axb4 Bxb4 21. Rab1 Rc4 22. Nxe5 Re4 23. Nf3 h6 24. Nd4 Bc5 25. Rxb7 Bxd4 26. exd4 Rdxd4 27. Rc1 Re2 28. Rcc7 Rd1+ 29. Kh2 Rxf2 30. Rxg7+ Kf8 31. Rh7 Kg8 32. Rxh6 Rdd2 33. Rg6+ Kf8 34. Rb5 Kf7 35. Rg4 Kf6 36. h4 e5 37. Rb6+ Kf7 38. Rbg6 Rd4 39. Rg7+ Kf8 40. Rg8+ Kf7 41. R4g7+ Kf6 42. Kh3 Rd3+ 43. g3 e4 44. Rg4 Kf7 45. R4g7+ Kf6 46. Rf8+ Kxg7 47. Rxf2 Kg6 48. Kg4 Ra3 49. Kf4 Kh5 50. Rg2 e3 51. g4+ Kg6 52. Re2 Ra4+ 53. Kf3 Ra1 54. Rxe3 Rh1 55. Re6+ Kg7 56. h5 Rf1+ 57. Kg3 Kf7 58. Ra6 Rg1+ 59. Kh4 Rh1+ 60. Kg5 Rb1 61. Ra7+ Kg8 62. h6 Rb8 63. Kh5 Kh8 64. g5 Kg8 65. Rg7+ Kh8 66. Rf7 Kg8 67. Kg6 Rb6+ 68. Rf6 Rb8 69. Rc6 Rd8 70. Kf6 Rf8+ 71. Ke5 Kh7 72. Rc7+ Kh8 73. Ke6 Rg8 74. Rg7 Rxg7 75. hxg7+ Kxg7 76. Kf5 Kf7 77. g6+ Kg8 78. Kg5 Kg7 79. Kh5 Kg8 80. Kh6 Kh8 81. Kg5 Kg7 82. Kf5 Kg8 83. Kf4 Kf8 84. Ke5 Kg7 85. Kf5 Kg8 1/2-1/2

[Event "ESP-ch Veterans"]
[Site "Madrid"]
[Date "2010.02.11"]
[Round "4"]
[White "Rodriguez Lopez, Canizares Francisco"]
[Black "Olano Lanchas, Dionisio"]
[Result "0-1"]
[WhiteElo "1699"]
[BlackElo "1822"]
[PlyCount "32"]
[EventDate "2010.02.08"]
[EventType "swiss"]
[EventRounds "9"]
[EventCountry "ESP"]
[SourceTitle "CBM 134 Extra"]
[Source "ChessBase"]
[SourceDate "2010.03.03"]
[SourceVersion "1"]
[SourceVersionDate "2010.03.03"]
[SourceQuality "1"]

1. e4 e5 2. f4 exf4 3. Nf3 Be7 4. h4 d6 5. d4 Bg4 6. Nbd2 Nc6 7. Bb5 a6 8. Bxc6+ bxc6 9. Qe2 Nf6 10. b3 Nh5 11. Qc4 0-0 12. Bb2 c5 13. 0-0-0 Ng3 14. Rh2 Bd7 15. dxc5 Bb5 16. Qd4 Ne2+ 0-1

[Event "Madrid-ch Seniors 0809"]
[Site "Madrid"]
[Date "2009.02.13"]
[Round "5"]
[White "Olano Lanchas, Dionisio"]
[Black "Fernandez Garcia, Ignacio"]
[Result "1-0"]
[WhiteElo "1838"]
[BlackElo "1973"]
[PlyCount "69"]
[EventDate "2009.02.09"]
[EventType "swiss"]
[EventRounds "9"]
[EventCountry "ESP"]
[SourceTitle "CBM 128 Extra"]
[Source "ChessBase"]
[SourceDate "2009.03.05"]
[SourceVersion "2"]
[SourceVersionDate "2009.03.25"]
[SourceQuality "1"]

1. e4 e6 2. Nf3 d5 3. exd5 exd5 4. d4 Bg4 5. Be2 Nf6 6. Bg5 Bd6 7. Nc3 c6 8. Ne5 Bxe2 9. Qxe2 0-0 10. 0-0 Re8 11. f4 Nbd7 12. Qd3 Qb6 13. Na4 Qb4 14. b3 Bxe5 15. fxe5 Ne4 16. Be3 b5 17. c3 Qe7 18. Nb2 c5 19. Rf4 f5 20. Rxf5 g6 21. Rf3 cxd4 22. cxd4 Rac8 23. Qxb5 Nxe5 24. Qxd5+ Nf7 25. Raf1 Rc7 26. Nc4 Rd7 27. Qa5 Nfg5 28. Bxg5 Nxg5 29. Re3 Ne4 30. d5 Qg5 31. Qb5 Rde7 32. Qc6 Rd8 33. d6 Rxd6 34. Qc8+ Kg7 35. Qf8# 1-0